Buteurs en finale de coupe de monde de football - Statistiques

Statistiques générales
  • Ce quiz a été pris 1 590 fois
    701 depuis la dernière actualisation
  • Le résultat moyen est 18 sur 69
Statistiques - réponses
Editions Buteurs % Correct
Mbappé
99%
Mbappé
99%
2022 Messi
97%
1998 Zidane
95%
2006 Zidane
95%
Pogba
92%
Griezmann
89%
2002 Ronaldo
88%
Di Maria
87%
2010 Iniesta
85%
2014 Götze
82%
Petit
79%
2018 Mandžukić
76%
Pelé
76%
1970 Pelé
76%
Perišić
67%
Materazzi
56%
Müller
51%
1982 Rossi
26%
Jairzinho
22%
1978 Kempes
21%
Puskás
19%
Völler
17%
Rummenigge
16%
1958 Vavá
13%
Vavá
13%
Alberto
12%
1990 Brehme
12%
1966 Hurst
11%
Burruchaga
10%
1974 Breitner
8%
Breitner
8%
Neeskens
7%
Rahn
6%
Stabile
6%
Valdano
6%
1986 Brown
5%
Tardelli
5%
Altobelli
4%
Gérson
4%
Masopust
4%
Zagallo
4%
Ghiggia
3%
Piola
3%
Schiaffino
3%
Bertoni
2%
Boninsegna
2%
Cea
2%
Czibor
2%
1954 Morlock
2%
Nanninga
2%
Orsi
2%
Zito
2%
1962 Amarildo
1%
Castro
1%
1938 Colaussi
1%
1930 Dorado
1%
1950* Friaça
1%
Haller
1%
Iriarte
1%
Liedholm
1%
Peters
1%
Peucelle
1%
1934 Puč
1%
Sarosi
1%
Schiavio
1%
Simonsson
1%
Titkos
1%
Weber
1%
Aucun quiz correspondant
Distribution des résultats
% des personnes avec chaque résultat
Percentile par nombre de réponses
Votre historique - résultats
Vous n’avez pas pris ce quiz depuis la dernière actualisation